| 000 | 00681nam a22001937a 4500 | ||
|---|---|---|---|
| 999 |
_c176135 _d176135 |
||
| 005 | 20201117123754.0 | ||
| 010 | _aUR-10930 | ||
| 020 |
_c400.00 _a- |
||
| 035 | _aU-9485 | ||
| 037 | _bDBAD/PUB | ||
| 082 | _a844 | ||
| 100 | _aحبيب ا لر حمن چغتا ئ | ||
| 245 |
_aمتا ع فکر (مضا مين) _cحبيب ا لر حمن چغتا ئ |
||
| 246 |
_bUrdu Mata-e-Fikr(Mazameen) _aby Habeebur Rahman Chighani |
||
| 260 |
_aN.Delhi _bEducational Publishing House _c2020 ء |
||
| 270 |
_aH.O.D1/16,Ansari Road,Darya ganj, _bN.Delhi _e110002 _k45678285,23216162 _l0091-11-23211540 |
||
| 300 |
_a286 ص _c22 Cm(Hb) |
||
| 942 |
_2ddc _cUR _h844 _mح ب ی |
||